000 00511nam a22001697a 4500
005 20231205061005.0
008 231205b |||||||| |||| 00| 0 eng d
020 _a9780639005294 ; 9780639005294
041 _aEnglish
082 _a349 JOU
100 _lEnglish
245 _aThe Law of South Africa /
_cedited by JA Faris
260 _aDurban :
_bLexisNexis (Pty) Ltd,
_c2019
300 _bvii, 848 pages ;
_c26 cm.
650 _aLegal practice
_bLaw
942 _cBK
_6ALISON_BN_VRIES
999 _c1118
_d1118